000 00725nam a22002297a 4500
003 UA-OsUOA
001 106186
007 ta
008 20140505b un ||||| |||| 00| 0 ukr d
100 _aКозаченко Л.А.
700 _aКрамаренко І.С.
090 _a330(477)
_bК59
942 _cSA
040 _aUA-OsUOA
_bukr
_cUA-OsUOA
_dUA-OsUOA
245 _aЗалучення інвестицій в регіони України: стан та перспективи розвитку
300 _aС.25-29
955 _a0
041 _aukr
080 _a330(477)
773 0 _w106184
_tЕкономіка. Фінанси. Право.
_dК.
_d2014
_g3
650 7 _a330 Економіка взагалі
_2UDC
999 _c392318
_d392318